000 00426nam a2200169Ia 4500
008 230711s9999||||xx |||||||||||||| ||und||
041 _aENG
082 _a4
_bMA-T
100 _aMazidi,Muhammad Ali
245 4 _aThe 8051 microcontroller and embedded systems
250 _a2nd . . Ed.
260 _c2008
_aNew Delhi
_bPearson
300 _a547
650 _aComputer Engineering
700 _aRolin D.Mckinlay
942 _cBK
999 _c4836
_d4836